Shrek common knowledge - Statistics

General Stats
  • This quiz has been taken 350 times
  • The average score is 10 of 12
Answer Stats
Question Answer % Correct
Which of the following creatures guarded Fiona's tower? Dragon
98%
What is the name of Shrek's cat accomplice? Puss in boots
98%
What does the King of Far Far Away turn into in Shrek 2? A Frog
94%
How many children do Shrek and Fiona have 3
93%
What are Gingey's most prized possessions? His purple buttons
93%
What iconic symbol appears on the front of Shrek's toilet hut? A moon
89%
What special ability does Shrek unlock at the end of Shrek forever after? Being able to blow out of his ears to create a sound
88%
What does the fairy Godmother turn into at the end of Shrek 2? Bubbles
83%
What does Prince Charming call Rapunzel in Shrek the Third? Kittenwhiskers
78%
Which day does Rumpelstiltskin take out of Shrek's life? The day he was born
58%
What does the wizard offer Shrek to eat in Shrek the third? Rocks
50%
In which of the Shrek productions does Donkey smell waffles? Shrek forever after
49%
No matching quizzes found
Score Distribution
Percent of People with Each Score
Percentile by Number Answered
Your Score History
You have not taken this quiz